000 01248nam a2200265 i 4500
001 bg
245 0 0 _aZróżnicowanie przestrzenne obszarów wiejskich w aspekcie społeczno-demograficznym /
_cpod red. Eugeniusza Rydza ; Komisja Obszarów Wiejskich Polskiego Towarzystwa Geograficznego w Warszawie, Zakład Geografii Społeczno-Ekonomicznej i Turystyki. Instytut Geografii Pomorskiej Akademii Pedagogicznej w Słupsku.
260 _aSłupsk :
_bWydaw. PAP,
_c2002.
300 _a161 s. :
_bil., mapy (w tym kolor.) ;
_c25 cm.
504 _aBibliogr. przy rozdz.
650 9 _aInfrastruktura społeczna
_zPolska
_yod 1980 r.
650 9 _aInfrastruktura techniczna
_zPolska
_yod 1980 r.
650 9 _aWieś
_xgospodarka
_zPolska
_yod 1980 r.
650 9 _aWieś
_xludność
_zPolska
_yod 1980 r.
700 1 _aRYDZ, Eugeniusz.
_eRed.
710 0 _aPomorska Akademia Pedagogiczna (Słupsk)
_bInstytut Geografii. Zakład Geografii Społeczno-Ekonomicznej i Turystyki
710 0 _aPolskie Towarzystwo Geograficzne
_bKomisja Obszarów Wiejskich
020 _a8388731769
040 _cBPK
041 0 _apol
080 _a338.49:364.48:314](438-22)"1980/..."
920 _a83-88731-76-9
942 _cKS
008 s pl f |000 0 pol
999 _c42503
_d42503
856 _uhttp://koha.tu.koszalin.pl/cgi-bin/koha/opac-detail.pl?biblionumber=42503
_yKatalog online BPK